000 00386nam a22001697a 4500
005 20160629150244.0
008 160629b xxu||||| |||| 00| 0 eng d
020 _a81-88458-03-1
041 _aeng
082 _b12525
100 _aSaeed, S. Hassan
_93214
245 _aControl System
260 _bKatson
_c2012
300 _a541
650 _aDiploma Engineering
_9817
942 _cBK
999 _c4723
_d4721